[Event "ITA-ch U20"]
[Site "Tarvisio"]
[Date "2023.07.03"]
[Round "2"]
[White "Bassani, Vera Maria"]
[Black "Bertuzzi, Erica"]
[Result "1/2-1/2"]
[WhiteElo "1208"]
[BlackElo "1277"]
[PlyCount "79"]
[EventDate "2023.07.02"]
[EventType "swiss"]
[EventRounds "9"]
[EventCountry "ITA"]
[SourceTitle "EXT 2024"]
[Source "ChessBase"]
[SourceDate "2023.10.10"]
[SourceVersion "1"]
[SourceVersionDate "2023.10.10"]
[SourceQuality "1"]

1. e4 c5 2. d3 d6 3. Nf3 Nc6 4. Nbd2 Nf6 5. g3 g6 6. Bg2 Bg7 7. 0-0 0-0 8. Re1 Nd7 9. c3 Rb8 10. Nf1 Nde5 11. h3 Re8 12. N1h2 b6 13. d4 cxd4 14. cxd4 Nxf3+ 15. Nxf3 Bb7 16. d5 Ne5 17. Nd4 Rc8 18. f4 Nd7 19. Kf2 Nc5 20. Rh1 e6 21. b4 Nd7 22. dxe6 fxe6 23. Rb1 e5 24. Nb5 Rf8 25. Nxd6 Rb8 26. Nxb7 Rxb7 27. Kg1 Rb8 28. h4 exf4 29. Bxf4 Rc8 30. Bg5 Qc7 31. Rc1 Qb7 32. e5 Rxc1 33. Bxc1 Qc8 34. Bh3 Qc3 35. Qd5+ Kh8 36. Qxd7 Qxc1+ 37. Kh2 Qb2+ 38. Bg2 Bxe5 39. Qxa7 Qxb4 40. Qa6 1/2-1/2